00533 a2200157 4500010001400000020002300014035001300037037001600050082001400066100002100080245007500101260003400176270010100210300004300311500002100354 aENG-89624 a8187671769c250.00 aEN-73157 bDBAD / PUB14a615.851551 aGarripoli, Garri1 aQigong:cby Garri Garripoli and friendsbessence of the healing dance/ aChennaibWestland Booksc2007 a571, Poonamallee High Road, Kamraj Bhavan, AminjikaraibChennaie600 002mewb@airtelbroadband.in axii, 321p.:b23 cm. (Pbk.)cb&w photos aIncludes index